Business Project in the Phase of Establishment bakalárska práca

Enregistré dans:
Détails bibliographiques
Auteur principal: Ivanova, Anastasiia
Collectivité auteur: Fakulta podnikového manažmentu EU. Katedra podnikovohospodárska
Autres auteurs: Stovíček, Filip, 1998-
Format: Livre
Langue:anglais
Publié: Bratislava 2023
Tags: Ajouter un tag
Pas de tags, Soyez le premier à ajouter un tag!

MARC

LEADER 00000nbm a2200000 4500
001 0293595
005 20240416095153.1
041 0 |a eng 
044 |a SK 
245 1 0 |a Business Project in the Phase of Establishment  |b bakalárska práca  |c Anastasiia Ivanova ; školiteľ: Filip Stovíček 
264 1 |a Bratislava  |c 2023 
300 |a 62 s. 
100 1 |a Ivanova, Anastasiia 
700 1 |a Stovíček, Filip, 1998- 
710 2 |a Fakulta podnikového manažmentu EU. Katedra podnikovohospodárska